Early stories / (Record no. 22585)
[ view plain ]
| 000 -LEADER | |
|---|---|
| fixed length control field | 00957cam a22002651 4500 |
| 001 - CONTROL NUMBER | |
| control field | 22585 |
| 003 - CONTROL NUMBER IDENTIFIER | |
| rucl marc code | BD-RjUL |
| 005 - DATE AND TIME OF LATEST TRANSACTION | |
| control field | 20211209000826.0 |
| 008 - FIXED-LENGTH DATA ELEMENTS--GENERAL INFORMATION | |
| fixed length control field | 140308s1966 rura 00010 eng d |
| 035 ## - SYSTEM CONTROL NUMBER | |
| System control number | (BD-RjUL)22650 |
| 040 ## - CATALOGING SOURCE | |
| Original cataloging agency | BD-RjUL |
| Language of cataloging | eng |
| Transcribing agency | BD-RjUL |
| 041 1# - LANGUAGE CODE | |
| Language code of text/sound track or separate title | engrus |
| 082 04 - DEWEY DECIMAL CLASSIFICATION NUMBER | |
| Classification number | 824.1 |
| Author mark and year | SHE 1966 |
| 100 1# - MAIN ENTRY--PERSONAL NAME | |
| Personal name | Sholokhov, Mikhail Aleksandrovich, |
| Dates associated with a name | 1905-1984 |
| 9 (RLIN) | 69711 |
| 245 10 - TITLE STATEMENT | |
| Title | Early stories / |
| Statement of responsibility, etc. | by Mikhail Sholokhov. [Translated by Robert Daglish and Yelena Altshuler] |
| 260 ## - PUBLICATION, DISTRIBUTION, ETC. (IMPRINT) | |
| Place of publication, distribution, etc. | Moscow : |
| Name of publisher, distributor, etc. | Progress Publishers, |
| Date of publication, distribution, etc. | 1966 |
| 300 ## - PHYSICAL DESCRIPTION | |
| Pagination | 190 p. : |
| Illustrations | illus. ; |
| Size | 17 cm. |
| 505 0# - FORMATTED CONTENTS NOTE | |
| Formatted contents note | The birth-mark.--The herdsman.--The bastard.--The azure steppe.--The foal.--Alien blood. |
| 600 10 - SUBJECT ADDED ENTRY--PERSONAL NAME | |
| Personal name | Sholokhov, Mikhail Aleksandrovich, |
| Dates associated with a name | 1905-1984 |
| General subdivision | Translations into English. |
| 651 #0 - SUBJECT ADDED ENTRY--GEOGRAPHIC NAME | |
| Geographic name | Soviet Union |
| General subdivision | Social life and customs |
| -- | Fiction. |
| 9 (RLIN) | 69713 |
| 942 ## - ADDED ENTRY ELEMENTS (KOHA) | |
| Source of classification or shelving scheme | Dewey Decimal Classification |
| Koha item type | Books |
| Lost status | Source of classification or shelving scheme | Damaged status | Not for loan | Collection code | Permanent Location | Current Location | Shelving location | Date acquired | Source of acquisition | Cost, normal purchase price | Total Checkouts | Full call number | Date last seen | Copy number | Koha item type |
|---|---|---|---|---|---|---|---|---|---|---|---|---|---|---|---|
| Dewey Decimal Classification | Added to bundle | Non-fiction | Central Library, University of Rajshahi | Central Library, University of Rajshahi | Reading Room | 03/04/1974 | Soviet Pustok Prokashoni | 25.00 | 824.1 SHE 1966 | 08/03/2014 | C-1 | Books |